00461pab a2200157 454500008004000000100001600040245009500056260000900151300001300160362000800173650003400181650002700215650001800242700001800260773002500278180718b1997 xxu||||| |||| 00| 0 eng d aMyles, John aFriedman's revenge: the reform of "liberal" welfare states in Canada and the United States c1997 ap.443-72 aDec aSocial policy - United States aSocial policy - Canada aSocial policy aPierson, Paul aPolitics and Society